Premier manuel de la langue auxiliaire esperanto : deux-centième mille... deux-centième mille...
Descripción Física:
32 p. ; 16 cm
MARC
| LEADER | 00000nam a2200000Ia 4500 | ||
|---|---|---|---|
| 001 | 16100 | ||
| 008 | 160829s1908 xx 000 0 cat d | ||
| 080 | |a RF-14-7 | ||
| 245 | |a Premier manuel de la langue auxiliaire esperanto : |b deux-centième mille... | ||
| 260 | |a Paris : |b Hachette, |c 1908 | ||
| 300 | |a 32 p. ; |c 16 cm | ||
| 590 | |a Prové de 2292, exp. 1 | ||
| 650 | |a Esperanto |x Ensenyament |x Estudiants francesos |9 46983 | ||
| 856 | 4 | |u https://media.diba.cat/diba/fitxers/arxiu/fulletons/bib_16100_1909_baixa.pdf |y Accés lliure | |
| 856 | 4 | |u https://media.diba.cat/diba/fitxers/arxiu/fulletons/bib_16100_1909_baixa.pdf |y Accés lliure | |
| 901 | |a Arxiu | ||
| 942 | |n 1 |2 udc | ||
| 952 | |0 0 |1 0 |4 0 |6 RF147 |7 1 |9 53575 |a Arxiu |b Arxiu |d 2016-12-01 |l 0 |o RF-14-7 |p 16100 |r 2016-12-01 00:00:00 |w 2016-12-01 |y ARXIU | ||
| 999 | |c 57441 |d 57441 | ||
| 900 | |a bib_16100_1909_baixa.pdf | ||